Treasuring Emma (Record no. 281137)
[ view plain ]
| 000 -LEADER | |
|---|---|
| fixed length control field | 01968nim a22003371a 4500 |
| 005 - DATE AND TIME OF LATEST TRANSACTION | |
| control field | 20200320191314.0 |
| 007 - PHYSICAL DESCRIPTION FIXED FIELD--GENERAL INFORMATION | |
| fixed length control field | sd fmngnnmmned |
| 008 - FIXED-LENGTH DATA ELEMENTS--GENERAL INFORMATION | |
| fixed length control field | 120810s2012 ilu e eng |
| 020 ## - INTERNATIONAL STANDARD BOOK NUMBER | |
| International Standard Book Number | 9781613751435 : CMD; |
| 037 ## - SOURCE OF ACQUISITION | |
| Stock number | 9781613751435 |
| Source of stock number/acquisition | www.MicroMarketing.org 800-229-9887 |
| Terms of availability | 34.99 |
| 040 ## - CATALOGING SOURCE | |
| Original cataloging agency | MM LLC |
| Transcribing agency | MM LLC |
| 082 00 - DEWEY DECIMAL CLASSIFICATION NUMBER | |
| Classification number | 813/.54 |
| Edition number | 23 |
| 100 1# - MAIN ENTRY--PERSONAL NAME | |
| Personal name | Fuller, Kathleen. |
| 9 (RLIN) | 50611 |
| 245 10 - TITLE STATEMENT | |
| Title | Treasuring Emma |
| Medium | [sound recording] : |
| Remainder of title | a Middlefield Family novel/ |
| Statement of responsibility, etc | Kathleen Fuller. |
| 250 ## - EDITION STATEMENT | |
| Edition statement | Unabr. ed. |
| 260 ## - PUBLICATION, DISTRIBUTION, ETC. (IMPRINT) | |
| Place of publication, distribution, etc | Carol Stream, IL: |
| Name of publisher, distributor, etc | Oasis Audio, |
| Date of publication, distribution, etc | p2012. |
| 263 ## - PROJECTED PUBLICATION DATE | |
| Projected publication date | 1209 |
| 300 ## - PHYSICAL DESCRIPTION | |
| Extent | 6 sound discs (6 hr.): |
| Other physical details | digital; |
| Dimensions | 4 3/4 in. |
| 490 0# - SERIES STATEMENT | |
| Series statement | Middlefield Family; |
| Volume number/sequential designation | [1] |
| 511 0# - PARTICIPANT OR PERFORMER NOTE | |
| Participant or performer note | Read by Kirsten Potter. |
| 520 ## - SUMMARY, ETC. | |
| Summary, etc | Emma always put the needs of others ahead of her own. When will it be her turn to be treasured? Adam was her first love and best friend. But then he went away. Determined to experience the freedom of living in the Englisch world, he left Emma heart-broken. How could he have chosen the world over her? Now Adam is back in Middlefield and Emma can't seem to keep him away from her family's farm. But this time she's determiend to guard her heart. It might be love that keeps him there . . . or perhaps just guilt. When a newcomer arrives in town and shows an interest in Emma, she dismisses Adam's insistence that she be cautious. All this attention is new to her and she doesn't know quite how to accept it. Emma knows her Heavenly Father treasures her. But will her new beau? |
| 538 ## - SYSTEM DETAILS NOTE | |
| System details note | Compact disc. |
| 650 #0 - SUBJECT ADDED ENTRY--TOPICAL TERM | |
| Topical term or geographic name as entry element | Amish women |
| Form subdivision | Fiction. |
| 9 (RLIN) | 5694707 |
| 655 #0 - INDEX TERM--GENRE/FORM | |
| Genre/form data or focus term | Christian fiction. |
| 9 (RLIN) | 5880786 |
| 655 #4 - INDEX TERM--GENRE/FORM | |
| Genre/form data or focus term | Audiobooks. |
| 9 (RLIN) | 5880787 |
| 700 1# - ADDED ENTRY--PERSONAL NAME | |
| Personal name | Potter, Kirsten. |
| Relator code | nrt |
| 9 (RLIN) | 74284 |
| 710 2# - ADDED ENTRY--CORPORATE NAME | |
| Corporate name or jurisdiction name as entry element | Oasis Audio, (Firm) |
| 9 (RLIN) | 69496 |
| 942 ## - ADDED ENTRY ELEMENTS (KOHA) | |
| Koha item type | CD |
| 948 ## - LOCAL PROCESSING INFORMATION (OCLC); SERIES PART DESIGNATOR (RLIN) | |
| Series part designator, SPT (RLIN) | 06/28/2013 |
| z (OCLC) | Sirsi |
| 996 ## - | |
| -- | 101014 |
| -- | 34301001239617 |
| -- | CD |
| -- | CD |
| -- | wcl |
| -- | i |
| -- | 8 |
| -- | 25.99 |
| -- | .CIRCNOTE. 6 discs |
| -- | .PUBLIC. 6 discs |
| -- | micro |
| -- | Ful |
| -- | 06/28/2013 |
| -- | 07/30/2019 |
| -- | 07/16/2019 |
| Withdrawn status | Lost status | Source of classification or shelving scheme | Materials specified (bound volume or other part) | Damaged status | Not for loan | Collection code | Home library | Current library | Shelving location | Date acquired | Source of acquisition | Cost, normal purchase price | Total Checkouts | Total Renewals | Full call number | Barcode | Date last seen | Date checked out | Cost, replacement price | Price effective from | Koha item type | Public note |
|---|---|---|---|---|---|---|---|---|---|---|---|---|---|---|---|---|---|---|---|---|---|---|
| Dewey Decimal Classification | .CIRCNOTE. 6 discs | Audiobooks | Wasatch County Library | Wasatch County Library | Second Floor | 06/28/2013 | 25.99 | 12 | 3 | CD Ful | 34301001239617 | 11/04/2025 | 10/24/2025 | 25.99 | 03/20/2020 | Audiobook on CD | .PUBLIC. 6 discs |
